000 00469nam a2200169Ia 4500
005 20250508150658.0
008 008 250505s9999 xx 000 0 eng d
037 _aTextual
040 _aFEDL
_beng
_cFEDL
041 _aeng
_2eng
084 _a371.335, BRI
_qFEDL
245 0 _aGeography teaching and travel films
245 0 _cCompiled by the british Film Institute
300 _a59p.
942 _cTEXL
_h371.335, BRI
999 _c1324998
_d1324998